000 00497nam a2200169Ia 4500
008 090711s9999 xx 000 0 und d
082 _b79244
100 _aगुप्ते शशिकांत
245 _aसावज
260 _bमायबोली प्रकाशन
_c1996
300 _a103
600 _aगुप्ते शशिकांत
630 _aसावज
700 _aगुप्ते शशिकांत
730 _aसावज
942 _cBOOK
999 _c306876
_d306876